A restorative relief (Record no. 81261)

MARC details
000 -LEADER
fixed length control field 00836cad a22001935a 4500
001 - CONTROL NUMBER
control field L146713
008 - FIXED-LENGTH DATA ELEMENTS--GENERAL INFORMATION
fixed length control field 090218e20090203xxk f v 000 0 eng d
035 ## - SYSTEM CONTROL NUMBER
System control number (Sirsi) u146713
041 0# - LANGUAGE CODE
Language code of text/sound track or separate title eng
100 1# - MAIN ENTRY--PERSONAL NAME
Personal name Cartwright, Paul
245 02 - TITLE STATEMENT
Title A restorative relief
Remainder of title the business premises renovation allowance (BPRA)
Medium [electronic resource]
260 ## - PUBLICATION, DISTRIBUTION, ETC.
Place of publication, distribution, etc. [S.l.]
Name of publisher, distributor, etc. Mondaq
Date of publication, distribution, etc. 2009
520 ## - SUMMARY, ETC.
Summary, etc. Provides a brief summary of the Business Premises Renovation Allowance (BPRA) which should encourage developers to renovate or convert derelict property.
590 ## - LOCAL NOTE (RLIN)
Local note KA
651 #4 - SUBJECT ADDED ENTRY--GEOGRAPHIC NAME
Geographic name United Kingdom
Chronological subdivision
690 ## - LOCAL SUBJECT ADDED ENTRY--TOPICAL TERM (OCLC, RLIN)
Topical term or geographic name as entry element PROPERTY-PROPERTY TAXATION-PROPERTY TAX ALLOWANCES-CAPITAL ALLOWANCES
856 40 - ELECTRONIC LOCATION AND ACCESS
Uniform Resource Identifier <a href="https://www.mondaq.com/article.asp?articleid=73402&rss=17">https://www.mondaq.com/article.asp?articleid=73402&rss=17</a>
Public note View the article free of charge (after registration) at www.mondaq.com...
942 ## - ADDED ENTRY ELEMENTS (KOHA)
Suppress in OPAC 0
Holdings
Withdrawn status Lost status Source of classification or shelving scheme Damaged status Not for loan Home library Current library Shelving location Date acquired Total Checkouts Full call number Barcode Date last seen Copy number Price effective from Koha item type
    Dewey Decimal Classification     Virtual Virtual Online 18/02/2009   ONLINE PUBLICATION 146713-2001 06/08/2019 1 06/08/2019 Journal article